Matriz de rigidez de efectos horizontales Hipótesis de diafragma rígido.

La presente monografía abarca los conceptos básicos para obtener la matriz de rigidez de efectos horizontales de un edificio, el cual, su sistema de piso se ha idealizado como diafragma rígido considerando los tres movimientos de cuerpo rígido principales ante cargas laterales: las dos traslacio...

Full description

Bibliographic Details
Main Authors: Castro Rivera, Juan Paul, López Sánchez, Elyin Jacfabel
Other Authors: Tutor: Sampson Munguía, Juan Alberto
Format: Tesis Section = Libro
Language:Undetermined
Spanish
Published: Managua UNI 2013
Subjects:
LEADER 01361nam a2200277Ia 4500
008 240830s9999 xx 000 0 und d
040 |a BIBLIOTECA-RUPAP Mon 624.171 C355 
041 |a spa 
082 |a Mon 624.171 C355 
100 1 |a Castro Rivera, Juan Paul 
100 1 |b  López Sánchez, Elyin Jacfabel 
245 1 0 |a Matriz de rigidez de efectos horizontales Hipótesis de diafragma rígido. 
260 |a Managua  |b UNI  |c 2013 
300 |a 102 p. :il. 
500 |a Contiene: anexos e Incluye: CD. 
502 |a Tesis (Ingeniero Civil)- UNI, 2013. 
520 3 |a La presente monografía abarca los conceptos básicos para obtener la matriz de rigidez de efectos horizontales de un edificio, el cual, su sistema de piso se ha idealizado como diafragma rígido considerando los tres movimientos de cuerpo rígido principales ante cargas laterales: las dos traslaciones horizontales y el giro con respecto al eje vertical. Estas simplificaciones permiten analizar edificios complejos con un limitado número de grados de libertad, dado que la respuesta tridimensional. 
650 7 |a ANÁLISIS ESTRUCTURAL 
650 7 |b MATRIZ 
650 7 |c  ANÁLISIS MATRICIAL 
650 7 |d TEORÍA RETICULAR 
650 7 |e VIGAS - ARMADURAS ESTRUCTURALES 
700 1 |a Tutor:  |b Sampson Munguía, Juan Alberto 
942 |c BK  |2 ddc 
991 |a TESIS 
999 |c 15866